000 00647nam a2200205 4500
001 120314
003 ES-MaACL
005 20250822153248.0
007 t|
008 070214s1953 sp r ||||1| spa d
245 0 3 _aLa poesía hebráica postbíblica /
_cselección, traducción, prólogo y notas de José María Millás Vallicrosa.
250 _a1ª. ed.
260 _aBarcelona :
_bJosé Janes,
_c1953.
300 _aXXIX, 389 p. ;
_c20 cm.
490 1 _aEl mensaje
700 1 _aMillás Vallicrosa, José María,
_d1888-1970
_981191
830 0 _aEl mensaje
_9183903
852 _aES-MaACL
_jC-6811
_bR.35306
999 _c120314
_d120314